书目信息 |
| 题名: |
建筑环境学
|
|
| 作者: | 朱颖心 主编 | |
| 分册: | ||
| 出版信息: | 北京 中国建筑工业出版社 2005.07 |
|
| 页数: | 327页 | |
| 开本: | 26cm | |
| 丛书名: | ||
| 单 册: | ||
| 中图分类: | TU-023 | |
| 科图分类: | ||
| 主题词: | 建筑学--jian zhu xue--环境科学--高等学校--教材 | |
| 电子资源: | ||
| ISBN: | 7-112-06159-8 | |
| 000 | 01030nam0 2200277 450 | |
| 001 | 012007263471 | |
| 005 | 20091215155838.98 | |
| 010 | @a7-112-06159-8@dCNY29.00 | |
| 100 | @a20071228d2005 km y0chiy0120 ea | |
| 101 | 0 | @achi |
| 102 | @aCN@b110000 | |
| 105 | @aak a 000yy | |
| 106 | @ar | |
| 200 | 1 | @a建筑环境学@Ajian zhu huan jing xue@d= Built environment@f朱颖心主编@Fzhu ying xin zhu bian@zeng |
| 205 | @a第2版 | |
| 210 | @a北京@c中国建筑工业出版社@d2005.07 | |
| 215 | @a327页@c图@d26cm | |
| 300 | @a普通高等教育“十五”国家级规划教材 高校建筑环境与设备工程专业指导委员会规划推荐教材 | |
| 320 | @a有书目 | |
| 330 | @a本教材在介绍建筑外环境、室内热湿环境、空气质量环境、空气流动、声光环境的同时,还从人的生理和心理角度出发,分析介绍了人的健康舒适要求与室内外环境质量的关系。 | |
| 510 | 1 | @aBuilt environment@zeng |
| 606 | 0 | @a建筑学@Ajian zhu xue@x环境科学@x高等学校@j教材 |
| 690 | @aTU-023@v4 | |
| 701 | 0 | @a朱颖心@Azhu ying xin@4主编 |
| 801 | 0 | @aCN@bQSSK@c20091215 |
| 905 | @b274287-89@dTU-023@eZ890@f3 | |
| 建筑环境学= Built environment/朱颖心主编.-第2版.-北京:中国建筑工业出版社,2005.07 |
| 327页:图;26cm |
| 普通高等教育“十五”国家级规划教材 高校建筑环境与设备工程专业指导委员会规划推荐教材 |
| ISBN 7-112-06159-8:CNY29.00 |
| 本教材在介绍建筑外环境、室内热湿环境、空气质量环境、空气流动、声光环境的同时,还从人的生理和心理角度出发,分析介绍了人的健康舒适要求与室内外环境质量的关系。 |
| ● |
| 相关链接 |
|
|
|
正题名:建筑环境学
索取号:TU-023/Z890
 
预约/预借
| 序号 | 登录号 | 条形码 | 馆藏地/架位号 | 状态 | 备注 |
| 1 | 274287 | 202742871 | 建筑库101/101建筑库 3排3列2层/ [索取号:TU-023/Z890] | 在馆 | |
| 2 | 274288 | 202742880 | 建筑库101/101建筑库 3排3列2层/ [索取号:TU-023/Z890] | 在馆 | |
| 3 | 274289 | 202742899 | 建筑库101/101建筑库 3排3列2层/ [索取号:TU-023/Z890] | 在馆 | |
| 4 | 649269 | 206492696 | 建筑库101/101建筑库 3排3列2层/ [索取号:TU-023/Z890] | 在馆 | |
| 5 | 649270 | 206492703 | 建筑库101/101建筑库 3排3列2层/ [索取号:TU-023/Z890] | 在馆 | |
| 6 | 649271 | 206492712 | 建筑库101/101建筑库 3排3列2层/ [索取号:TU-023/Z890] | 在馆 |